KOHA-Header-6

Calculus (Record no. 926)

000 -LEADER
fixed length control field 00389nam a2200133Ia 4500
008 - FIXED-LENGTH DATA ELEMENTS--GENERAL INFORMATION
fixed length control field 190722s9999 xx 000 0 und d
020 ## - INTERNATIONAL STANDARD BOOK NUMBER
International Standard Book Number 978-81-265-5640-3
100 ## - MAIN ENTRY--PERSONAL NAME
Personal name Anton, Bivens, Davis
245 #0 - TITLE STATEMENT
Title Calculus
260 ## - PUBLICATION, DISTRIBUTION, ETC. (IMPRINT)
Place of publication, distribution, etc Singapore (Bangkok), New Delhi (India)
Name of publisher, distributor, etc Wiley India PVt. Ltd. / John Wiley & Sons (Asia) Pte. Ltd.
Date of publication, distribution, etc 2016
300 ## - PHYSICAL DESCRIPTION
Extent 1168p.:
942 ## - ADDED ENTRY ELEMENTS (KOHA)
Koha item type Books
942 ## - ADDED ENTRY ELEMENTS (KOHA)
Edition
Holdings
Withdrawn status Lost status Damaged status Not for loan Collection code Permanent Location Current Location Shelving location Date acquired Total Checkouts Total Renewals Full call number Barcode Date last seen Date checked out Price effective from Koha item type
        Calculus MAJU MAJU Shelf No.A27 2019-07-22 12 8 658.3 7552 2024-05-29 2022-04-04 2019-07-22 Calculus

Powered by Koha